000 00494nam a2200181Ia 4500
001 18688
005 20260306171649.0
008 260306s9999||||xx |||||||||||||| ||und||
041 _aESP
082 _a658.5
_bA23
100 _aAdam, Everett E., Jr.
_eAUT
245 0 _aAdministración de la producción y las operaciones:
_bConceptos, modelos y funcionamiento
260 _c1991
300 _axvii, 739 páginas :
_c25 cm.
650 _aGEN
654 _aCAN
942 _cLIB
_dJUS
_fJUS
_2ddc
_n
999 _c18688
_d18688